Markets (Record no. 83504)

MARC details
000 -LEADER
fixed length control field 01268cab a22002415a 4500
001 - CONTROL NUMBER
control field L154131
008 - FIXED-LENGTH DATA ELEMENTS--GENERAL INFORMATION
fixed length control field 111018e20111014xxk 000 0 eng d
035 ## - SYSTEM CONTROL NUMBER
System control number (Sirsi) u154131
041 0# - LANGUAGE CODE
Language code of text/sound track or separate title eng
100 1# - MAIN ENTRY--PERSONAL NAME
Personal name Eade, Christine
245 00 - TITLE STATEMENT
Title Markets
Remainder of title Bristol, Bath and Swindon
260 ## - PUBLICATION, DISTRIBUTION, ETC.
Date of publication, distribution, etc. 2011
490 #0 - SERIES STATEMENT
Series statement Property Week
Volume/sequential designation 77(41) 14 October 2011, 47-58(6)
520 ## - SUMMARY, ETC.
Summary, etc. Charles Street Buildings Group purchases Environment Agency's national headquarters in Bristol for £31m. Defence workers' exodus from Bath after 2013 will release 88 acres which could accommodate 1 240 homes. Bristol office take-up for Q3 2011 is 80 000 sq ft down from 112 000 sq ft for Q3 2010 and empty grade A offices stand at 30 800 sq ft. Queensbury and Aviva Investors are set to open a restaurant quarter in the vaults beneath Bath Spa station. Ashfield Land soldiers on with its Swindon Regent Circus development after its joint venture partner, Parkridge Holdings, goes into administration.
590 ## - LOCAL NOTE (RLIN)
Local note KA
651 #4 - SUBJECT ADDED ENTRY--GEOGRAPHIC NAME
Geographic name Bath
651 #4 - SUBJECT ADDED ENTRY--GEOGRAPHIC NAME
Geographic name Bristol
651 #4 - SUBJECT ADDED ENTRY--GEOGRAPHIC NAME
Geographic name Swindon
690 ## - LOCAL SUBJECT ADDED ENTRY--TOPICAL TERM (OCLC, RLIN)
Topical term or geographic name as entry element PROPERTY-COMMERCIAL PROPERTY-COMMERCIAL PROPERTY MARKET
690 ## - LOCAL SUBJECT ADDED ENTRY--TOPICAL TERM (OCLC, RLIN)
Topical term or geographic name as entry element PROPERTY-COMMERCIAL PROPERTY-COMMERCIAL PROPERTY FINANCE AND INVESTMENT
700 1# - ADDED ENTRY--PERSONAL NAME
Personal name Bothamley, Michael
942 ## - ADDED ENTRY ELEMENTS (KOHA)
Suppress in OPAC 0
Holdings
Withdrawn status Lost status Source of classification or shelving scheme Damaged status Not for loan Home library Current library Shelving location Date acquired Total Checkouts Full call number Barcode Date last seen Copy number Price effective from Koha item type
    Dewey Decimal Classification     London London Journal article 18/10/2011   L154131 154131-1001 06/08/2019 1 06/08/2019 Journal article